000 00457nam a2200181Ia 4500
003 GCL
008 140319s9999 xx 000 0 eng d
040 _aGCL /
_cGCL
082 0 4 _a005.13
_bB C
100 1 _aBORLAND
245 1 0 _aC++ LANGUAGE REFERENCE /
_cBORLAND
260 _a[S.N] :
_bBORLAND INTERNATIONAL ,INC ،
_c1996
300 _a1550 P
650 0 4 _aCOMPUTER LANGUAGE
650 0 4 _aPROGRAMMING LANGUAGE
650 0 4 _aC ++
942 _2ddc
_cBK
999 _c13503
_d13503